000 00646nam a2200241 i 4500
001 C2-0204112
003 PPAK
005 20180728101451.0
008 990228s1986 at |||| ||||| | eng d
020 _a0582805732
040 _aPPAK
_beng
_cPPAK
_erda
082 0 4 _a428.2
_2 23
090 0 0 _a428.2
_bHOW
_dG
100 1 _aHoward, Peter,
_eauthor
245 1 0 _aMistakes to avoid in English
264 1 _aMelbourne :
_bLongman Cheshire ,
_c1986
300 _a68 pages ;
_c22 cm
336 _2rdacontent
_atext
337 _2rdamedia
_aunmediated
338 _2rdacarrier
_avolume
650 1 0 _aEnglish language - Grammar
942 _ddc
_cB
999 _c157593
_d157593